000 01244nam a2200229Ia 4500
001 L238-10951
003 IT-CnALBA
008 170116s9999||||xx |||||||||||||| ||und||
040 _aIT-CnALBA
_cIT-CnALBA
041 _aITALIANO
100 _aGUITTON JEAN, ACCADEMICO DI FRANCIA
245 0 _aIL MIO PICCOLO CATECHISMO.
250 _a1a ed.
260 _aCINISELLO BALSAMO (MI)
_bEDIZIONI PAOLINE
_c1979 [1° Ed.:1979 - Ed.Ling.Originale: 1979]
300 _a208 p. (prefazione: 5)
500 _aVERITÀ E COMUNIONE. VIRTÙ CARDINALI E TEOLOGALI. CATECHISMO E CATECHISTA. LEZIONE. STATUTO DELLA CONGREGAZIONE DELLA FEDE CRISTIANA. TRINITÀ. INCARNAZIONE REDENZIONE. CHIESA SACRAMENTI VITA ETERNA. ALBINO LUCIANI. CONOSCENZA DELL'ALUNNO. METODOLOGIA. LEZI
501 _aSocietà San Paolo EM - Piazza San Paolo, 14 - 12051 ALBA (CN) (non commercial uses only) ® Copyright 2017
520 _aVERITÀ E COMUNIONE. VIRTÙ CARDINALI E TEOLOGALI. CATECHISMO E CATECHISTA. LEZIONE. STATUTO DELLA CONGREGAZIONE DELLA FEDE CRISTIANA. TRINITÀ. INCARNAZIONE REDENZIONE. CHIESA SACRAMENTI VITA ETERNA. ALBINO LUCIANI. CONOSCENZA DELL'ALUNNO. METODOLOGIA. LEZI
650 _aSIMBOLI DI FEDE - CATECHISMI
942 _cBK
957 _71
999 _a15704
_bNO
_g Copie: 1
_c270128
_d270128